Strzelcy bramek Juventusu w sezonie 2019/2020. - Statystyki

Ogólne statystyki
  • Ten quiz został rozwiązany 63 razy
  • Średni wynik to 11 z 17
Statystyki odpowiedzi
Piłkarz % Poprawnych
Dybala
97%
Ronaldo
97%
Bonucci
91%
Chiellini
91%
Higuain
72%
Rabiot
71%
Bernardeschi
67%
Sandro
66%
Cuadrado
64%
Costa
59%
de Ligt
59%
Danilo
53%
Ramsey
50%
Pjanic
47%
Matuidi
45%
Bentancur
38%
Demiral
26%
Nie znaleziono quizów pasujących do podanych kryteriów
Rozkład punktacji
Procent ludzi z każdym wynikiem
Percentyl według liczby udzielonych odpowiedzi
Twoja historia wyników
Nie rozwiązałeś tego quizu